000 00969naa a2200277 c 4500
001 42169
003 ES-MaCES
005 20111007140000.0
008 111007n2011 sp d t 000 | spa d
035 _aCES20110010618v
040 _aES-MaCES
_bspa
_cES-MaCES
100 1 _aAbis, Sébastien
_95538
245 1 0 _aDoble desafío para los países árabes mediterráneos
_cSébastien Abis
650 4 _aMagreb
_930399
650 4 _amodelo econométrico
_929368
650 4 _aliberalización del intercambio
_928000
650 4 _aindustria orientada hacia la exportación
_927615
650 4 _aestrategia de gestión
_930591
650 4 _aeconomía agrícola
_927487
650 4 _adesarrollo rural
_928607
653 1 0 _aDesarrollo regional
773 0 _tEconomía exterior
_gn. 57 (verano 2011){10625 R. 079704}; p. 119-128
_w(ES-MaCES)25630
_966493
902 _aART Artículo de revista
942 _2CES
_cAR
_h1.1.
999 _c42169
_d42169